ՀՀ Գիտությունների ազգային ակադեմիայի հիմնարար գիտական գրադարան  =   Fundamental Scientific Library of NAS RA

Воспоминания / (Record no. 319648)

MARC details
000 -LEADER
fixed length control field 00691nam a2200193 a 4500
001 - CONTROL NUMBER
control field 000947148
003 - CONTROL NUMBER IDENTIFIER
control field AM-YeHGA
005 - DATE AND TIME OF LATEST TRANSACTION
control field 20250617145843.0
008 - FIXED-LENGTH DATA ELEMENTS--GENERAL INFORMATION
fixed length control field 130220s1927 ru |||||r|||||000|0|rus||
040 ## - CATALOGING SOURCE
Original cataloging agency AM-YeHGA
041 0# - LANGUAGE CODE
Language code of text/sound track or separate title rus
090 ## - LOCALLY ASSIGNED LC-TYPE CALL NUMBER (OCLC); LOCAL CALL NUMBER (RLIN)
-- 321383
100 1# - MAIN ENTRY--PERSONAL NAME
Personal name Тихомиров, Лев Александрович
Dates associated with a name 1852-1923
245 10 - TITLE STATEMENT
Title Воспоминания /
Statement of responsibility, etc. Льва Тихомирова; Вступ. ст. В.Н. Фигнер; Центрархив.
260 ## - PUBLICATION, DISTRIBUTION, ETC.
Place of publication, distribution, etc. Москва
-- Ленинград :
Name of publisher, distributor, etc. Госиздат,
Date of publication, distribution, etc. 1927.
300 ## - PHYSICAL DESCRIPTION
Extent 516 с.;
Dimensions 23 см .
653 0# - INDEX TERM--UNCONTROLLED
Uncontrolled term Политические учения в России - История
942 ## - ADDED ENTRY ELEMENTS (KOHA)
Source of classification or shelving scheme Universal Decimal Classification
Koha item type Գրքեր / Books
Holdings
Withdrawn status Lost status Source of classification or shelving scheme Damaged status Not for loan Collection Home library Current library Date acquired Total checkouts Full call number Barcode Date last seen Price effective from Koha item type Public note
    Universal Decimal Classification     General Fundamental Scientific Library Fundamental Scientific Library 09/01/2017   PII/490199 FL0256930 09/01/2017 09/01/2017 Գրքեր / Books 30 Days Loan
          General Fundamental Scientific Library Fundamental Scientific Library 07/06/2019   РД II/61667 FL0582885 07/06/2019 07/06/2019 Գրքեր / Books 30 Days Loan
          General Fundamental Scientific Library Fundamental Scientific Library 07/06/2019   РД II/61668 FL0582886 07/06/2019 07/06/2019 Գրքեր / Books 30 Days Loan


ՀՀ ԳԱԱ հիմնարար գիտական գրադարան
ՀՀ,Երևան 0019
Մարշալ Բաղրամյան 24/6
հեռախոս:(374-10) 52-47-50
Հետադարձ կապ

All site content, except where otherwise noted, is licensed under a
Creative Commons License